<?xml version="1.0" encoding="UTF-8"?>
<record
    xmlns:xsi="http://www.w3.org/2001/XMLSchema-instance"
    xsi:schemaLocation="http://www.loc.gov/MARC21/slim http://www.loc.gov/standards/marcxml/schema/MARC21slim.xsd"
    xmlns="http://www.loc.gov/MARC21/slim">

  <leader>01276nam0a22003251  4500</leader>
  <controlfield tag="001">rc\3797651</controlfield>
  <controlfield tag="005">20250530054518.0</controlfield>
  <datafield tag="021" ind1=" " ind2=" ">
    <subfield code="a">RU</subfield>
    <subfield code="b">[75-11238&#x438;]</subfield>
  </datafield>
  <datafield tag="035" ind1=" " ind2=" ">
    <subfield code="a">(NLR Aleph) 007254607</subfield>
  </datafield>
  <datafield tag="090" ind1=" " ind2=" ">
    <subfield code="a">5241909</subfield>
    <subfield code="c">5241909</subfield>
  </datafield>
  <datafield tag="100" ind1=" " ind2=" ">
    <subfield code="a">20120311d1975    |||y0rusy50      ca</subfield>
  </datafield>
  <datafield tag="101" ind1="0" ind2=" ">
    <subfield code="a">rus</subfield>
    <subfield code="a">eng</subfield>
  </datafield>
  <datafield tag="102" ind1=" " ind2=" ">
    <subfield code="a">RU</subfield>
  </datafield>
  <datafield tag="105" ind1=" " ind2=" ">
    <subfield code="a">a   z   |||||</subfield>
  </datafield>
  <datafield tag="200" ind1="1" ind2=" ">
    <subfield code="a">&#x412;&#x435;&#x442;&#x435;&#x440; &#x432; &#x433;&#x440;&#x438;&#x432;&#x435;</subfield>
    <subfield code="d">Horses</subfield>
    <subfield code="e">&#x424;&#x43E;&#x442;&#x43E;&#x430;&#x43B;&#x44C;&#x431;&#x43E;&#x43C;</subfield>
    <subfield code="f">&#x421;&#x43F;&#x435;&#x446;. &#x444;&#x43E;&#x442;&#x43E;&#x441;&#x44A;&#x435;&#x43C;&#x43A;&#x430; &#x410;. &#x428;&#x442;&#x43E;&#x440;&#x445;&#x430;, &#x410;. &#x413;&#x438;&#x434;&#x438;&#x440;&#x438;&#x43C;&#x441;&#x43A;&#x43E;&#x433;&#x43E;</subfield>
    <subfield code="g">&#x410;&#x432;&#x442;. &#x442;&#x435;&#x43A;&#x441;&#x442;&#x430; &#x418;. &#x411;&#x43E;&#x431;&#x44B;&#x43B;&#x435;&#x432;</subfield>
  </datafield>
  <datafield tag="210" ind1=" " ind2=" ">
    <subfield code="a">&#x41C;&#x43E;&#x441;&#x43A;&#x432;&#x430;</subfield>
    <subfield code="c">&#x41F;&#x43B;&#x430;&#x43D;&#x435;&#x442;&#x430;</subfield>
    <subfield code="d">1975</subfield>
  </datafield>
  <datafield tag="215" ind1=" " ind2=" ">
    <subfield code="a">223 &#x441;.</subfield>
    <subfield code="c">&#x438;&#x43B;.</subfield>
    <subfield code="d">28&#x445;26</subfield>
  </datafield>
  <datafield tag="300" ind1=" " ind2=" ">
    <subfield code="a">&#x41F;&#x43E;&#x434;&#x43F;&#x438;&#x441;&#x438; &#x43F;&#x430;&#x440;&#x430;&#x43B;. &#x43D;&#x430; &#x440;&#x443;&#x441;. &#x438; &#x430;&#x43D;&#x433;&#x43B;.</subfield>
  </datafield>
  <datafield tag="510" ind1="0" ind2=" ">
    <subfield code="a">Horses</subfield>
    <subfield code="z">eng</subfield>
  </datafield>
  <datafield tag="606" ind1=" " ind2=" ">
    <subfield code="a">&#x41A;&#x43E;&#x43D;&#x43D;&#x44B;&#x439; &#x441;&#x43F;&#x43E;&#x440;&#x442; &#x432; &#x421;&#x421;&#x421;&#x420;</subfield>
    <subfield code="j">&#x424;&#x43E;&#x442;&#x43E;&#x430;&#x43B;&#x44C;&#x431;&#x43E;&#x43C;&#x44B;</subfield>
    <subfield code="2">psbo</subfield>
  </datafield>
  <datafield tag="606" ind1=" " ind2=" ">
    <subfield code="a">&#x41A;&#x43E;&#x43D;&#x435;&#x432;&#x43E;&#x434;&#x441;&#x442;&#x432;&#x43E; &#x432; &#x421;&#x421;&#x421;&#x420;</subfield>
    <subfield code="j">&#x424;&#x43E;&#x442;&#x43E;&#x430;&#x43B;&#x44C;&#x431;&#x43E;&#x43C;&#x44B;</subfield>
    <subfield code="2">psbo</subfield>
  </datafield>
  <datafield tag="702" ind1=" " ind2="1">
    <subfield code="a">&#x413;&#x438;&#x434;&#x438;&#x440;&#x438;&#x43C;&#x441;&#x43A;&#x438;&#x439;</subfield>
    <subfield code="b">&#x410;.</subfield>
    <subfield code="4">440</subfield>
  </datafield>
  <datafield tag="702" ind1=" " ind2="1">
    <subfield code="4">440</subfield>
    <subfield code="7">ca</subfield>
    <subfield code="8">rus</subfield>
    <subfield code="a">&#x428;&#x442;&#x43E;&#x440;&#x445;</subfield>
    <subfield code="b">&#x410;. &#x421;.</subfield>
    <subfield code="f">1937-2014</subfield>
    <subfield code="g">&#x410;&#x43B;&#x435;&#x43A;&#x441;&#x435;&#x439; &#x421;&#x435;&#x440;&#x433;&#x435;&#x435;&#x432;&#x438;&#x447;</subfield>
    <subfield code="9">268530</subfield>
    <subfield code="3">RU\NLR\AUTH\770268586</subfield>
  </datafield>
  <datafield tag="702" ind1=" " ind2="1">
    <subfield code="a">&#x411;&#x43E;&#x431;&#x44B;&#x43B;&#x435;&#x432;</subfield>
    <subfield code="b">&#x418;. &#x424;.</subfield>
    <subfield code="g">&#x418;&#x433;&#x43E;&#x440;&#x44C; &#x424;&#x435;&#x434;&#x43E;&#x440;&#x43E;&#x432;&#x438;&#x447;</subfield>
    <subfield code="4">570</subfield>
  </datafield>
  <datafield tag="801" ind1=" " ind2="0">
    <subfield code="a">RU</subfield>
    <subfield code="b">NLR</subfield>
    <subfield code="g">psbo</subfield>
  </datafield>
  <datafield tag="801" ind1=" " ind2="1">
    <subfield code="a">RU</subfield>
    <subfield code="b">ELAR</subfield>
    <subfield code="2">rusmarc</subfield>
  </datafield>
  <datafield tag="852" ind1=" " ind2=" ">
    <subfield code="a">NLR</subfield>
    <subfield code="j">&#x42D; &#x410;&#x43B;&#x417;&#x43E;124/2-&#x41B;816</subfield>
  </datafield>
  <datafield tag="942" ind1=" " ind2=" ">
    <subfield code="c">BOOK</subfield>
  </datafield>
  <datafield tag="980" ind1=" " ind2=" ">
    <subfield code="a">NB</subfield>
  </datafield>
  <datafield tag="995" ind1=" " ind2=" ">
    <subfield code="5">2013-10-26</subfield>
    <subfield code="b">NLR02</subfield>
    <subfield code="c">NLR02</subfield>
    <subfield code="e">EST</subfield>
    <subfield code="f">7254607-10</subfield>
    <subfield code="k">&#x42D; &#x410;&#x43B;&#x417;&#x43E;124/2-&#x41B;816</subfield>
    <subfield code="o">0</subfield>
    <subfield code="r">BOOK</subfield>
    <subfield code="s">_1242816</subfield>
  </datafield>
</record>
